Garanta̕s en Tratados Internacionales

Bibliographic Details
Main Author: del Castillo del Valle, Alberto
Format: eBook
Language:Spanish
Published: Mx̌ico D.F.: Ediciones Jurd̕icas Alma, 2013
Subjects:
Online Access:Acceso restringido

MARC

LEADER 00000nam a22000007a 4500
005 20131029163655.0
007 cr|||| ||||
008 131029s2013 mx |||||s|||| 00||0 spa d
035 |a 11580 
040 |a vLex 
090 |c 4559  |d 4559 
100 1 |a del Castillo del Valle, Alberto 
245 1 0 |a Garanta̕s en Tratados Internacionales  |h [Recurso electrn̤ico] /  |c Alberto del Castillo del Valle 
256 |a Servicio en ln̕ea 
260 |a Mx̌ico D.F.:  |b Ediciones Jurd̕icas Alma,  |c 2013 
300 |a 1 recurso electrn̤ico 
506 1 |a Contenido solo disponible en los productos indicados  |d vLex Global  |d vLex Global (Academic Edition, excluding Law Schools)  |d vLex Global (U.S. Academic Edition, Law Schools)  |d vLex Global (U.S. Academic Edition, excluding Law Schools)  |d vLex Global (Academic Edition, Law Schools) 
650 0 4 |a Derecho internacional 
740 0 |a vLex Libros (Servicio en Ln̕ea) 
856 4 0 |u http://vlex.com/source/garantias-tratados-internacionales-11580  |z Acceso restringido 
942 |c BOOK 
999 0 |a International law